000 00341nam a2200133Ia 4500
008 230817s1966 xx 000 0 und d
041 _aeng
082 _a348048/CHA
100 _aChaitely DV
245 _aAll India Reporter -1966 MP,Madras,Manipur
260 _aNagpur
_bThe All India Reporter
_c1966
300 _a24p
650 _aREPORTS
999 _c838946
_d838946